书目信息 |
| 题名: |
现代合成反应
|
|
| 作者: | 豪斯 , House 著 ;花文廷 , 李书润 , 王定基 译 | |
| 分册: | ||
| 出版信息: | 北京 北京大学出版社 1985 |
|
| 页数: | 655页 | |
| 开本: | 26cm | |
| 丛书名: | ||
| 单 册: | ||
| 中图分类: | O621.3 , O621.25 | |
| 科图分类: | ||
| 主题词: | 有机合成-化学反应 , 化学反应-有机合成 | |
| 电子资源: | ||
| ISBN: | ||
| 000 | 01032nam0 2200349 45 | |
| 001 | 0185010708 | |
| 005 | 20040524153410.5 | |
| 010 | @dCNY9.30 | |
| 091 | @a13209.104 | |
| 100 | @a19900918d1985 emky0chiy0121 ea | |
| 101 | 1 | @achi@ceng |
| 102 | @aCN@b110000 | |
| 105 | @ay z 000yy | |
| 106 | @ar | |
| 200 | 10 | @a现代合成反应@Axian dai he cheng fan ying@f(美)豪斯(House,H.O.)著@g花文廷等译 |
| 210 | @a北京@c北京大学出版社@d1985 | |
| 215 | @a655页@d26cm | |
| 300 | @a书名原文: Modern synthetic reactions | |
| 300 | @a根据第二版的Modern synthetic reaction译出 | |
| 510 | 1 | @aModern synthetic reactions@zeng |
| 606 | @a有机合成-化学反应 | |
| 606 | @a化学反应-有机合成 | |
| 690 | @aO621.3@v3 | |
| 690 | @aO621.25 | |
| 701 | 1 | @a豪斯@Ahao si@bH.O.@4著 |
| 701 | A1 | @aHouse@bH.O.@4著 |
| 702 | 0 | @a花文廷@Ahua wen ting@4译 |
| 702 | 0 | @a李书润@Ali shu run@4译 |
| 702 | 0 | @a王定基@Awang ding ji@4译 |
| 801 | 0 | @aCN@b深圳图书馆@c20040524 |
| 801 | 2 | @aCN@bNLC@c20040524 |
| 905 | @f2@b150744-745@dO621.25@e26 | |
| 现代合成反应/(美)豪斯(House,H.O.)著/花文廷等译.-北京:北京大学出版社,1985 |
| 655页;26cm |
| 书名原文: Modern synthetic reactions.-根据第二版的Modern synthetic reaction译出 |
| ISBN :CNY9.30 |
| ● |
| 相关链接 |
|
|
|
|
正题名:现代合成反应
索取号:O621.25/26
 
预约/预借
| 序号 | 登录号 | 条形码 | 馆藏地/架位号 | 状态 | 备注 |
| 1 | 0150744 | 000699701 | 第三借阅区/ [索取号:O621.25/26] | 在馆 | |
| 2 | 0150745 | 000699710 | 第三借阅区/ [索取号:O621.25/26] | 在馆 | |
| 3 | 0150746 | 000699694 | 第三借阅区/ [索取号:O621.25/26] | 在馆 | |
| 4 | 0150747 | 001943348 | 第三借阅区/ [索取号:O621.25/26] | 在馆 | |
| 5 | 0150748 | 001943339 | 第二样本阅览室/ [索取号:O621.25/26] | 在馆 |